LEADER 00850nam0-22002891i-450- 001 990004755600403321 005 20051130112128.0 035 $a000475560 035 $aFED01000475560 035 $a(Aleph)000475560FED01 035 $a000475560 100 $a19990604g19369999km-y0itay50------ba 101 2 $aeng$agrc 105 $ay-------001yy 200 1 $aPhysics$d= Fysike akroasis$fAristotle$gA revised text with introduction and commentary by W.D. Ross 210 $aOxford$cThe Clarendon Press$d1936. 215 $aXII, 750 p.$d23 cm 500 10$aPhysica$920008 700 0$aAristoteles$f<384-322 a. C.>$04207 702 1$aRoss,$bWilliam David 801 0$aIT$bUNINA$gRICA$2UNIMARC 901 $aBK 912 $a990004755600403321 952 $aII B 43$bBibl. 23313$fFLFBC 959 $aFLFBC 996 $aPhysica$920008 997 $aUNINA LEADER 00976nam0-2200325 --450 001 9910576100803321 005 20220627154029.0 010 $a978-88-483-2452-6 100 $a20220627d2021----kmuy0itay5050 ba 101 0 $aita 102 $aIT 105 $a 001yy 200 1 $aAlpha Test Medicina$emanuale di preparazione 205 $a18. ed. 210 $aMilano$cAlphaTest$d2021 215 $aX,1004 p.$cill.$d24 cm. 225 1 $aTestuniversitari 512 1 $aAlpha test medicina$emanuale di preparazione$eper l'ammissione a medicina odontoiatria e veterinaria 610 0 $aMedicina$aTest 676 $a378.1662$v23 801 0$aIT$bUNINA$gREICAT$2UNIMARC 901 $aBK 912 $a9910576100803321 952 $a90 X 3a 56$b126/2022$fFMEBC 952 $a90 X 3a 57$b127/2022$fFMEBC 952 $a90 X 3a 58$b128/2022$fFMEBC 952 $a90 X 3a 59$b129/2022$fFMEBC 959 $aFMEBC 996 $aAlpha test medicina$92878641 997 $aUNINA